000 00748nam a2200241Ia 4500
003 OSt
005 20220925224927.0
006 a|||||r|||| 00| 0
007 ta
008 220923b |||||||| |||| 00| 0 eng d
037 _cGeneral Book
040 _aRTL
_cRTL
_beng
041 _2eng
_aeng
082 _aU475:(Y15):(L:5), P1
100 _aDyck Iseabel and others Ed.
_9291712
245 0 _aGeographies of women
_bs health
260 _aLondon
_bRoutledge Published U K
_c2001
300 _axiv,287p.
_ccm.
500 _aRoutledge International Studies Of Women and Place
650 _aHuman Geography
_91464
942 _hU475:(Y15):(L:5), P1
_cGB
_2CC
999 _c582609
_d582609